| 000 | 00754 a2200193 4500 | ||
|---|---|---|---|
| 008 | 140627b xxu||||| |||| 00| 0 eng d | ||
| 020 | _a9780415594813 | ||
| 050 |
_aHC257.N58 _bB96 2011 |
||
| 100 | _aByrne, Sean. | ||
| 245 |
_aEconomic assistance and conflict transformation : _bpeacebuilding in Northern Ireland / _cby Sean Byrne.ern Ireland |
||
| 260 |
_aLondon ; _bRoutledge, _cc2011 |
||
| 300 |
_axv, 228 p. : _bill. ; _c24 cm. |
||
| 440 | _aRoutledge studies in peace and conflict resolution | ||
| 500 | _aIncludes bibliographical references (p. [208]-220) and index. | ||
| 650 |
_aEconomic assistance _zNorthern Ireland. |
||
| 650 |
_aPeace-building _zNorthern Ireland. |
||
| 650 |
_aEthnic conflict _zNorthern Ireland |
||
| 942 |
_cBK _2lcc |
||
| 999 |
_c43362 _d43362 |
||